Countries that End in R - Shape Quiz - Statistics

General Stats
  • This quiz has been taken 32 times
  • The average score is 5 of 7
Answer Stats
Country % Correct
Madagascar
97%
Myanmar
97%
Niger
83%
Qatar
62%
East Timor
59%
El Salvador
55%
Ecuador
52%
No matching quizzes found
Score Distribution
Percent of People with Each Score
Percentile by Number Answered
Your Score History
You have not taken this quiz